Teoretické a praktické aspekty trhu práce a trhu kapitálu Slovenskej republiky v kontexte znalostnej ekonomiky

Zaostávanie slovenskej ekonomiky pri smerovaní k novej ekonomike. Základné faktory smerovania k novej ekonomike. Vývoj na trhu práce v Slovenskej republike. Vývoj zamestnanosti a nezamestnanosti. Vývoj na trhu kapitálu v SR. Priamy zahraničný kapitál a nezamestnanosť.

Saved in:
Bibliographic Details
Main Author: Piovarčiová, Veronika, 1951-
Other Authors: Martincová, Marta, 1955-
Format: Book Chapter
Language:Slovak
Subjects:
Tags: Add Tag
No Tags, Be the first to tag this record!

MARC

LEADER 00000nla$a2200000$$$4500
001 0065107
005 20240502083157.2
041 0 |a slo 
044 |a CZ 
245 1 0 |a Teoretické a praktické aspekty trhu práce a trhu kapitálu Slovenskej republiky v kontexte znalostnej ekonomiky  |c Veronika Piovarčiová, Marta Martincová 
520 |a Zaostávanie slovenskej ekonomiky pri smerovaní k novej ekonomike. Základné faktory smerovania k novej ekonomike. Vývoj na trhu práce v Slovenskej republike. Vývoj zamestnanosti a nezamestnanosti. Vývoj na trhu kapitálu v SR. Priamy zahraničný kapitál a nezamestnanosť. 
610 2 0 |a ekonomika nová 
610 2 0 |a rast hospodársky 
610 2 0 |a trh práce 
610 2 0 |a sily pracovné 
610 2 0 |a zamestnanosť 
610 2 0 |a nezamestnanosť 
610 2 0 |a kvalifikácia 
610 2 0 |a trh kapitálový 
610 2 0 |a banky 
610 2 0 |a investície priame zahraničné 
610 2 0 |a Slovensko 
100 1 |a Piovarčiová, Veronika, 1951- 
700 1 |a Martincová, Marta, 1955-